000 00705nam a2200265Ia 4500
003 OSt
005 20221006151205.0
006 a|||||r|||| 00| 0
007 ta
008 221006b |||||||| |||| 00| 0 jpn d
020 _c¥4500
024 _a21,247
037 _bGift, Japan Foundation
_cTextual
040 _aEASL
_cEASL
_bjpn
041 _2jpn
_ajpn
082 _aY:351v42, M4
100 _aFUKUDA Ajio
_9658525
245 0 _aNihon Minzokugaku hohojosetsu
260 _aTokyo
_bHirofumido Japan
_c1984
300 _a460p.
_ccm.
490 _v JL
650 _aJL
942 _hY:351v42, M4
_cTEXL
_2CC
999 _c1089333
_d1089333